| 000 | 00449nam a2200145Ia 4500 | ||
|---|---|---|---|
| 008 | 140724s9999 xx 000 0 und d | ||
| 050 |
_aG 155.A1 _b.N638 2013 |
||
| 100 | _aNicolas, Muriel Nicole B. | ||
| 245 |
_aYouZone / _cMuriel Nicole B. Nicolas. |
||
| 260 |
_aLas PiƱas, Philippines : _bSouthville International School and Colleges, _cc2013. |
||
| 300 |
_a45 p. : _bcol. ill. ; _c28 cm. |
||
| 521 | _aTourism | ||
| 942 | _cTH | ||
| 999 |
_c229154 _d229154 |
||